01510nam a2200361 a 4500001001000000003000500010005001700015008004100032010001100073011001100084040000900095090001000104100003700114245017600151260004100327500006000368502008200428590004000510590004000550590004000590590004000630650002900670650002000699650002200719650001900741856007000760901000700830942001000837942000600847999001900853952013600872952014001008000111990CHAP20220329144240.0151113s2015 mx a fsm |||||||spa d a108451 a109423 cCHAP aTesis1 aCueto Espinosa, Eliobeth913003210aEstado ecológico del bosque de ribera y su relación con azolve en manglares en la cuenca Río Zanatenco, Tonalá, Chiapash[En línea]cpor Eliobeth Cueto Espinosa. aChapingo, Méx. :bEl autor,c2015. aPara ver el contenido del material haga clic en la liga aTesis (Ing. en Recyrsis Naturales Renovables) -- UACH. Departamento de Suelos aE5995AHEb05c20151113lUCH01h0933 aE5995AHEb05c20151113lUCH01h0933 aE5995AHEb05c20151113lUCH01h1204 aE5995AHEb05c20151113lUCH01h132114aBosqueszChiapas.91441414aCuencas.93008514aManglares.97039314aRíos.999166 aFinding aiduhttp://10.13.5.2/tesis/sist111990.pdfzTeclea aquí aBK cTESIS n0 c108451d108451 00104054718TESISaBCbBCd2015-11-13fTESISl0oTesisp33724002509264r2019-12-31 00:00:00w2019-12-31yTESISzRecien adquirido 00102local4053708TESISaBCbBCcPA_TESISd2015-11-13fTESISl0oTesisp33724002509306r2019-12-31 00:00:00tc.2w2019-12-31yTESIS